[Event "RUS-ch m1-2"]
[Site "Elista"]
[Date "1997.05.22"]
[Round "2.1"]
[White "Galkin, Alexander"]
[Black "Filippov, Valerij"]
[Result "0-1"]
[WhiteElo "2510"]
[BlackElo "2510"]
[Annotator "Rogozenco,D"]
[PlyCount "90"]
[EventDate "1997.05.19"]
[EventType "k.o."]
[EventRounds "6"]
[EventCountry "RUS"]
[SourceTitle "CBM 059"]
[Source "ChessBase"]
[SourceDate "1997.08.01"]
[SourceVersion "1"]
[SourceVersionDate "1997.08.01"]
[SourceQuality "1"]

1. e4 {Horvath,T} c5 2. Nf3 e6 3. d4 cxd4 4. Nxd4 Nf6 5. Nc3 Nc6 6. Ndb5 d6 7.
Bf4 e5 8. Bg5 a6 9. Na3 b5 10. Bxf6 gxf6 11. Nd5 f5 12. Bd3 Be6 13. Qh5 {
Nowdays more popular is 13.0-0} Rg8 {Vielen,von sveshnikov spezialisten
spielen die Hauptvariante 13...f4 nicht gern...} 14. g3 Nd4 {Spielbar ist auch
14...-Rg4, besser für Weiß ist aber:} (14... Rg5 15. Qxh7 Bxd5 16. exd5 Ne7 17.
O-O-O Qb6 $44 {Wang Zili - Chehov/Beijing 1991}) (14... Bxd5 $5 15. exd5 Rg5
16. Qh4 Qa5+ 17. Kf1 Rg4 18. Qxh7 Nd4 19. c4 (19. Bxf5 Rg7 20. Qh3 b4 21. Nc4
Qxd5 $17) 19... Qd2 20. Bxf5 Qe2+ 21. Kg1 Rg5 22. Bd3 Qxb2 $19 {Shehodanov -
Zezulkin/Minsk 1994}) (14... f4 $6 {Horvath,T} 15. gxf4 Bg4 16. Qxh7 Rg7 17.
Qh8 Nd4 18. Kf1 Rg6 19. h3 $1 Rh6 20. hxg4 Rxh8 21. Rxh8 $16 {Horvath,
Cs-Horvath,P/Budapest/1989}) 15. c3 (15. Ne3 Rg5 16. Qxh7 fxe4 17. Bxe4 d5 $132
{Sobolevsky - Dvoirys/Barnaul 1988}) 15... fxe4 16. Bxe4 Bg4 17. Qxh7 Rg7 18.
Qh6 Nf3+ 19. Kf1 (19. Ke2 Rg6 20. Qe3 Bh6 21. Qb6 Nd2+ 22. f3 Nxe4 23. Qxd8+
Kxd8 24. fxg4 Rxg4 25. Rhf1 Ra7 26. Nc2 Nc5 27. Rf6 Rg6 28. Rxg6 $6 fxg6 $11 {
Aniukhin - Rogozhnikov/Voronez 1991}) (19. Ke2 $5 {Horvath,T Beliavsky-Shirov/
CBM/39}) 19... Rg5 20. Nf6+ Ke7 (20... Qxf6 {Horvath,T} 21. Bc6+ $1 $16) 21.
Qh8 Nd2+ 22. Kg2 Nxe4 23. Nxe4 Rg6 24. Rhe1 (24. Qh4+ Kd7 (24... Ke6 {Horvath,T
} 25. Qxd8 Rxd8 {Nach vielen Beispielen Schwarz hat mindestens genug
Kompensation für geopferten Bauern.}) 25. Qxd8+ Rxd8 26. f3 Be6 27. Rhd1 Ke7
28. Nc2 f5 29. Nf2 d5 30. a4 f4 31. axb5 axb5 $11 {Magem Badals - Polgar Zsu./
Madrid 1992}) 24... Qd7 25. f3 $2 (25. Qh4+ f6 26. Qh7+ (26. f3 Be6 27. Qh7+
Bf7 $44) 26... Rg7 27. Qh6 Qf5 28. Qe3 $13) 25... Bxf3+ 26. Kxf3 Qf5+ 27. Kg2
Rh6 28. Qg8 Qh3+ 29. Kf3 Rg6 30. Qxg6 fxg6 $19 31. Nf2 Qf5+ 32. Kg2 d5 33. Rf1
Ke6 34. b4 Rc8 35. Rae1 Rxc3 36. Nh3 Rxa3 (36... Qg4 37. Rxf8 Rxa3 38. Re8+ Kd6
39. R8xe5 Rxa2+ 40. Nf2 Qxb4 $19) 37. Rxf5 gxf5 38. Ng5+ Ke7 39. Rxe5+ Kf6 40.
Nf3 Rxa2+ (40... Rxf3 $2 41. Re8 Kf7 42. Rxf8+ $18) 41. Kf1 Bxb4 42. Rxd5 Bc3
43. Rd6+ Ke7 44. Rb6 b4 45. h4 Kd7 0-1

[Event "Bundesliga 0304"]
[Site "Germany"]
[Date "2003.12.13"]
[Round "5.7"]
[White "Schmaltz, Roland"]
[Black "Joachim, Sven"]
[Result "0-1"]
[WhiteElo "2519"]
[BlackElo "2438"]
[Annotator "Rogozenco,D"]
[PlyCount "106"]
[EventDate "2003.11.01"]
[EventType "team-tourn"]
[EventRounds "15"]
[EventCountry "GER"]
[SourceTitle "CBM 099"]
[Source "ChessBase"]
[SourceDate "2004.03.30"]
[SourceVersion "1"]
[SourceVersionDate "2004.03.30"]
[SourceQuality "1"]
[WhiteTeam "Baden Oos"]
[BlackTeam "Werder Bremen"]
[WhiteTeamCountry "GER"]
[BlackTeamCountry "GER"]

1. e4 c5 2. Nf3 Nc6 3. d4 cxd4 4. Nxd4 Nf6 5. Nc3 e5 6. Ndb5 d6 7. Bg5 a6 8.
Na3 b5 9. Bxf6 gxf6 10. Nd5 f5 11. c3 Bg7 12. exf5 Bxf5 13. Nc2 O-O 14. Nce3
Be6 15. Bd3 f5 16. Qh5 e4 17. Bc2 Ne7 18. Nf4 (18. Rd1 b4 $11) (18. Bb3 Kh8 $11
) 18... Qd7 {This is not weaker than the main 18...Bf7.} (18... Bf7) 19. Nxe6 {
Not clear what should White do, but after this he loses control over central
squares and will not be able to blockade Black's pawns. Black will have a
long-term initiative.} (19. g4 Bf7 (19... d5 $5 {0-1 Deutschmann,M-Darnstaedt,
F/Germany 1998 (28)}) 20. Qh4 Rad8 21. Rg1 Kh8 $13 {1/2-1/2 Krivec,J-Medvegy,N/
Porec 1998 (42)}) (19. O-O Bf7 20. Bb3 Be5 21. Qh4 Kh8 22. Rad1 Ng6 23. Nxg6+
Bxg6 24. f4 exf3 25. Rxf3 f4 26. Ng4 Qd8 27. Rh3 Qxh4 28. Rxh4 Rad8 29. Rd2 Kg7
$15 {[%csl Rh4] 0-1 Melnikov,D-Chistyakov,A/St Petersburg 2001 (50)}) 19...
Qxe6 20. Bb3 d5 21. g4 (21. Rd1 Rad8 22. O-O Kh8 23. Rd2 b4 24. cxb4 Qe5 25. f4
Qe6 26. Kh1 Qc6 27. Qg5 Qb7 28. Rfd1 d4 $17 {0-1 Medvegy,N-Fercec,N/Portoroz
1997 (31)}) 21... Kh8 $1 22. gxf5 (22. Nxf5 Nxf5 23. gxf5 Rxf5 $17) 22... Qe5
23. Rd1 Rad8 24. Rg1 (24. O-O b4 $1 (24... Nxf5 25. Rxd5 Rxd5 26. Bxd5 $11))
24... b4 $36 25. cxb4 (25. Rd4 bxc3 26. bxc3 Qc7 $17 27. Rxg7 Qxc3+ 28. Ke2
Kxg7 29. Qg5+ Kh8 30. f6 Qb2+ 31. Kf1 Rf7 $19) 25... d4 26. Nc4 Qxf5 27. Qxf5
Nxf5 28. Rg4 Rfe8 29. Rf4 Nd6 30. Nxd6 Rxd6 31. Ba4 Re7 $44 32. Rc1 Bh6 33.
Rc8+ Kg7 34. Rg4+ (34. Rff8 $142 $11 {[%cal Gf8e8]}) 34... Kf6 35. Rc5 (35. Rc6
Rxc6 36. Bxc6 Kf5 $44) 35... d3 36. Rh4 Bg5 37. Rg4 Bh6 38. Kd1 e3 39. fxe3
Bxe3 40. Rcc4 (40. Rc6 Rxc6 41. Bxc6 Rc7 42. Re4 Bh6 (42... Bg5 43. Rc4) 43.
Rh4 (43. Rc4 Rg7 $1) 43... Kg7 44. Rc4 Rf7 45. Rg4+ Kf8 $17) 40... Kf5 41. h3
h5 42. Rh4 $4 {Unexpectedly this allows Black to penetrate with the rook.} (42.
Rg8 {and the position is about equal. With some accuracy White defends against
opponent's threats.}) 42... Rf6 $1 $19 {[%cal Gf5g5,Gf6f1]} 43. Rhd4 (43. Rc6
Rxc6 44. Bxc6 Rg7 $19) 43... Bxd4 44. Rxd4 Re2 45. Rxd3 Rxb2 46. Bc2 Ke5 47.
Kc1 Rxb4 48. Bb3 Rh4 49. Kb2 Rd4 50. Rc3 Kf4 51. Rc5 h4 52. Kc3 Re4 53. Kb2 Re3
0-1

[Event "Bundesliga 0304"]
[Site "Germany"]
[Date "2004.03.07"]
[Round "10.1"]
[White "Almasi, Zoltan"]
[Black "Nielsen, Peter Heine"]
[Result "0-1"]
[WhiteElo "2631"]
[BlackElo "2626"]
[Annotator "Rogozenco,D"]
[PlyCount "86"]
[EventDate "2003.11.01"]
[EventType "team-tourn"]
[EventRounds "15"]
[EventCountry "GER"]
[SourceTitle "CBM 100"]
[Source "ChessBase"]
[SourceDate "2004.06.01"]
[SourceVersion "1"]
[SourceVersionDate "2004.06.01"]
[SourceQuality "1"]
[WhiteTeam "Kreuzberg"]
[BlackTeam "Wattenscheid"]
[WhiteTeamCountry "GER"]
[BlackTeamCountry "GER"]

1. e4 c5 2. Nf3 Nc6 3. d4 cxd4 4. Nxd4 Nf6 5. Nc3 e5 6. Ndb5 d6 7. Bg5 a6 8.
Na3 b5 9. Nd5 Be7 10. Bxf6 Bxf6 11. c3 O-O 12. Nc2 Bg5 13. Be2 (13. a4 {
is the most popular move. On the other hand in the line 9.Nd5 the positions
are almost everywhere about equal. The main thing that matters in such pawn
structures is players' understanding.}) 13... Ne7 14. Ncb4 (14. Nce3 Bxe3 15.
Nxe3 Bb7 {and Black enjoys a pleasant equality}) 14... a5 15. Nxe7+ Qxe7 16.
Nd5 Qb7 17. Qd3 (17. O-O Be6 $11) 17... Rb8 (17... b4 {is a good alternative.}
18. cxb4 axb4 19. Qb3 Be6 20. Bc4 Rac8 21. O-O (21. Qd3 Qc6 22. b3 Bxd5 23.
Qxd5 Qxd5 24. Bxd5 Bd8 $11) (21. h4 $6 Bd8 $15) 21... Qc6 22. Rac1 Bxd5 (22...
Bxc1 $2 23. Ne7+ $18) 23. exd5 Qc5 24. Rc2 g6 $15 {1/2-1/2 Anand,V-Kramnik,V/
Dortmund 1997}) 18. O-O Be6 19. Rfd1 (19. Rad1 h6 20. a3 Rfc8 21. g3 Rc5 22. h4
Bd8 23. Ne3 Be7 24. b4 Rc7 25. Rc1 Qa8 26. Rfd1 Bb3 27. Nd5 Ra7 28. Rd2 $14 {
/= 1/2-1/2 Almasi,Z-Ivanchuk,V/Monte Carlo 2003 (57)}) 19... Rfc8 20. a3 (20.
Qg3 h6 21. b3 $6 Rc5 22. c4 Bxd5 23. Rxd5 Rxd5 24. cxd5 Rc8 $15 {1/2-1/2
Tiviakov,S-Van Wely,L/Leeuwarden 2003 (78)}) 20... h6 21. g3 Bd8 22. h4 {
This is an improvement over the below mentioned game. At this moment Zoltan
had already spent about one and a half hours. I fail to find any explanation
for this excesive time consumption, especially that besides the fact that the
position is rather simple, Almasi already played it before. As usually in this
variation, White is slightly better, but nothing real. Nevertheless, Almasi
succeeded to set some problems for his opponent.} (22. Rd2 Qa7 23. Kg2 Rc5 24.
Ne3 Bg5 $1 25. h4 Bxe3 26. Qxe3 Qc7 27. Rad1 Rc6 28. Kh2 Bb3 29. Rg1 Bc4 30.
Rgd1 Bxe2 31. Qxe2 b4 $11 {/=/+, 0-1 Almasi,Z-Topalov,V/Monte Carlo 2001 (65)})
22... Rc5 {Threatening to take on d5.} 23. b4 (23. Ne3 Bb3 24. Rd2 Bb6 25. Qxd6
Rd8 26. Qxc5 Rxd2 27. Qxb5 Qa7 $44) (23. Bf3 Bxd5 24. exd5 $11 Qd7 $5) 23...
Rc6 (23... axb4 $6 24. axb4 $14) 24. Rac1 (24. a4 $5 bxa4 25. Rxa4 axb4 26.
cxb4 $14) 24... Kh8 25. Kg2 $14 Kg8 {Almasi was in serious time trouble
already and Nielsen simply makes some moves in order to let his opponent to
consume the remaining time for finding a plan. Not too deep from Black, but
very practical and effective approach. White should have better been more
practical as well, and repeate the position at least once each time he had the
opportunity for that.  Instead, White is trying to improve without "wasting"
moves at all. Zoltan is a very high class player and he had good reasons to
believe in his direct approach, but practical aspects must not be ignored
either.} 26. Bf3 Qc8 $5 27. bxa5 (27. Qe3 Rb7 $11) 27... Bxd5 (27... Bxa5 $4
28. Ne7+) 28. Qxd5 Bxa5 29. Bh5 Rb7 30. c4 {The position is becoming more
complicated and although White gets some advantage, the time factor will be
decisive.} Rbc7 31. Qxb5 Bb6 32. Qd5 {Same strategy to complicate matters. It
was more realistic to make a draw.} (32. Rb1 Bd4 33. Qb8 Rxc4 34. Qxc8+ Rxc8
35. Rb7 g6 36. Bg4 $11 {[%cal Gd1d3,Gd3f3]}) 32... Bd4 $44 33. Rd3 g6 (33...
Rc5 $2 34. Qxd6 R5c6 (34... R7c6 $2 35. Qe7 Rc7 36. Bxf7+ Kh8 37. Qe6 $18) 35.
Qb4 Rxc4 36. Rxc4 Rxc4 37. Qb5 $16) 34. Bxg6 Rc5 35. Bf5 Qa6 36. Rxd4 exd4 $2 (
36... Rxd5 37. Rxd5 Qxa3 38. Rcd1 $11 {and a soon draw would have been the
logical outcome of the game. But Nielsen plays against Almasi's few remaining
seconds.}) 37. Qxd4 Rxc4 38. Rxc4 Rxc4 39. Qf6 (39. Qd2 {and only White can
play for a win, although Black should be able to hold the position.}) 39... Rc1
40. Qb2 $4 {The last move before time limit throws away a good game.} (40. Bh7+
Kxh7 (40... Kf8 $2 41. Qxh6+ $18 {[%cal Gh6c1]}) 41. Qxf7+ $11) 40... Qf1+ 41.
Kf3 Qd1+ 42. Kf4 Rc2 43. Qb6 Rc3 {A victory of rude practical approach. Black
did little in this game, he only used opponent's mistakes resulting from a
severe time-trouble, which Almasi could easily avoid.} (43... Rc3 44. Bg4 Qd2+
45. Kf5 Rc5+ $19) 0-1

[Event "EU-chT (Men) 11th"]
[Site "Pula"]
[Date "1997.05.??"]
[Round "9.1"]
[White "Almasi, Zoltan"]
[Black "Krasenkow, Michal"]
[Result "1/2-1/2"]
[WhiteElo "2595"]
[BlackElo "2615"]
[Annotator "Rogozenco,D"]
[PlyCount "74"]
[EventDate "1997.05.05"]
[EventType "team-swiss"]
[EventRounds "9"]
[EventCountry "CRO"]
[SourceTitle "CBM 057 Extra"]
[Source "ChessBase"]
[SourceDate "1997.05.01"]
[SourceVersion "1"]
[SourceVersionDate "1997.05.01"]
[SourceQuality "1"]
[WhiteTeam "Hungary"]
[BlackTeam "Poland"]
[WhiteTeamCountry "HUN"]
[BlackTeamCountry "POL"]

1. e4 {Krasenkow Horvath,T} c5 2. Nf3 Nc6 3. d4 cxd4 4. Nxd4 Nf6 5. Nc3 e5 6.
Ndb5 d6 7. Bg5 a6 8. Na3 b5 9. Bxf6 gxf6 10. Nd5 f5 11. Bd3 Be6 12. O-O Bxd5
13. exd5 Ne7 14. c3 Bg7 15. Qh5 e4 (15... Qd7 16. Rad1 (16. Rae1 {Horvath,T}
O-O 17. Bb1 e4 18. Nc2 Nxd5 19. Ne3 Ne7 20. g4 $1 fxg4 21. Bxe4 f5 22. Bxa8
Rxa8 23. Nxg4 $1 fxg4 24. Rxe7 Qxe7 25. Qd5+ $18) 16... Rc8 17. Nc2 Rc5 18. Ne3
e4 19. Bb1 $14 {Dolmatov - Chekhov/Germany 1992}) 16. Bc2 Qc8 (16... O-O 17.
Rae1 Rc8 18. Bb3 Rc5 19. Nc2 Qd7 20. f3 $16 {Kovalev - Palac/Neu Isenburg 1992}
) (16... Qd7 {Horvath,T} 17. Rae1 O-O 18. Bb3 Rac8 19. Nc2 $14 {Sax-Seres/
Balatonbereny/1997}) 17. Rad1 Qc5 $5 {/\19...Bxc3 With the idea to create
counterplay on the queenside till White`s Knight is out of play on a3.} (17...
O-O 18. Bb1 Ng6 19. Kh1 Re8 20. f4 $16 {Almasi Z. - Markowski/Bern 1996}) 18.
Bb1 (18. Bb3 $6 {Horvath,T} a5) 18... b4 (18... Bxc3 {Krasenkow} 19. Rc1) 19.
cxb4 Qxb4 20. Nc2 (20. f3 Bxb2 21. Nc2 Qc5+ 22. Kh1 e3 $17) 20... Qxb2 21. Ne3
Qf6 22. f3 (22. g4 $5 {Horvath,T} f4 (22... Qg6 23. Nxf5 Nxf5 24. Qxf5 Qxf5 25.
gxf5 $10) 23. Nc4 $44 (23. Bxe4 $6 fxe3 24. fxe3 Qe5 25. Qxf7+ Kd8 26. Rd4 Rc8
$17)) 22... Bh6 (22... Qh6 $2 {Horvath,T} 23. Nxf5 $1 $16 (23. Qxh6 {Krasenkow}
Bxh6 24. Nc4)) 23. Rfe1 (23. Nxf5 $2 {Krasenkow} Nxf5 24. fxe4 Be3+ 25. Kh1 Ng7
) (23. f4 $6 {Krasenkow}) 23... Bxe3+ 24. Rxe3 Ng6 25. Qh6 (25. fxe4 f4 {
Schwarz kontrolliert die wichtigen schwarzen Felder.} 26. Rf3 $13 (26. Rb3 {
Horvath,T} O-O $13)) 25... Ke7 26. Rf1 (26. fxe4 f4 27. Rf3 $13) (26. g3 $5 {
/\27.fe4}) 26... Rab8 27. g3 (27. fxe4 $6 f4 $17) 27... Rb2 (27... Ne5 {
Krasenkow} 28. Qxf6+ Kxf6 29. fxe4 Rb2 30. Ra3 Rhb8 31. Rxf5+ Ke7 32. Bd3 {
/\33.Bxa6} Rd2 (32... Nxd3 33. Rxd3 Rxa2 34. Rf2 $11) 33. Bf1 Rbb2 34. h3 Rxa2
35. Rxa6 $11) 28. fxe4 Rhb8 29. e5 (29. Bd3 Rxa2 30. Rxf5 Qb2 $132 (30... Qd4
$17 {Krasenkow})) (29. exf5+ Ne5 30. Qxf6+ Kxf6 $44 (30... Kxf6 {Horvath,T} 31.
Be4 Rxa2 $17)) 29... Nxe5 30. Qxf6+ Kxf6 31. Bxf5 Kg7 $15 32. Ra3 {/\33.Rf2} a5
(32... R8b6) (32... Nc4 $5) (32... Rd2 {Horvath,T} 33. Rf2 $1) 33. Rxa5 (33.
Rf2 {Krasenkow} Rxf2 34. Kxf2 Rb5 $15) 33... Nc4 34. Ra7 $11 Ne3 35. Rf3 Rg2+
36. Kh1 Re2 37. Kg1 Rg2+ (37... Rbb2 {Krasenkow} 38. Bh3 Rb1+ 39. Bf1 Rxf1+ $11
(39... Rg2+ $2 40. Kh1)) 1/2-1/2

[Event "Bundesliga 0304"]
[Site "Germany"]
[Date "2004.02.14"]
[Round "8.6"]
[White "Mueller, Karsten"]
[Black "Joachim, Sven"]
[Result "0-1"]
[WhiteElo "2521"]
[BlackElo "2434"]
[Annotator "Rogozenco,D"]
[PlyCount "48"]
[EventDate "2003.11.01"]
[EventType "team-tourn"]
[EventRounds "15"]
[EventCountry "GER"]
[SourceTitle "CBM 100"]
[Source "ChessBase"]
[SourceDate "2004.06.01"]
[SourceVersion "1"]
[SourceVersionDate "2004.06.01"]
[SourceQuality "1"]
[WhiteTeam "Hamburger SK"]
[BlackTeam "Werder Bremen"]
[WhiteTeamCountry "GER"]
[BlackTeamCountry "GER"]

1. e4 c5 2. Nf3 Nc6 3. d4 cxd4 4. Nxd4 Nf6 5. Nc3 e5 6. Ndb5 d6 7. Bg5 a6 8.
Na3 b5 9. Bxf6 gxf6 10. Nd5 f5 11. g3 fxe4 12. Bg2 Be6 13. Bxe4 Bg7 14. Qh5 Rc8
15. Rd1 (15. c3 Ne7 16. Rd1 Rc5 17. Qg5 $2 (17. Nb4) 17... Nxd5 18. Qxg7 Qf6
19. Qxf6 Nxf6 20. Bb7 Ke7 21. Bxa6 Rb8 $17 {0-1 Berg,E-McShane,L/Germany 2003 
(50)}) 15... Ne7 16. Qg5 $2 {This is a well-known mistaken maneuver, which
happened already in many games (see for instance the game given above). White
cannot afford entering an endgame with his knight still on a3. Basically White
trades two of opponent's passive pieces (queen and bishop g7) with two of his
active pieces (queen and knight d5). So the idea is wrong from all points of
view.} (16. Nxe7 Qxe7 17. O-O (17. c3 Rc5 $1) 17... Rc5 18. b4 Rc7 (18... Rc3
$5) 19. c4 bxc4 20. Nc2 $44 {1-0 Bokros,A-Bensdorp,M/Hengelo 2003/CBM 95 ext 
(51)}) (16. c3 $142 Rc5 17. Nb4 {with transposition to the main line, where
White can claim a slight plus.}) 16... Nxd5 17. Qxg7 (17. Qxd8+ Kxd8 18. Bxd5
Bxd5 19. Rxd5 b4 $19) 17... Qf6 {A small tactical trick. No time for White to
take on d5.} 18. Qxf6 Nxf6 {[%csl Ra3,Rc2][%cal Gb5b4]} 19. Bb7 {White must
have mixed up something. All this happened before and it was known as bad for
White.} (19. Bg2 b4 20. Nb1 Rxc2 21. Rxd6 Rxb2 $19) 19... Rc7 (19... Rc5 20.
Rxd6 b4 21. Nb1 Rxc2 $17 {0-1 Papp,G-Kiss,G/Hungary 1998 (27)}) 20. Bxa6 b4 21.
Nb5 Rxc2 22. O-O Ke7 $19 {The material is equal, but White is lost. His both
queenside pawns are under attack and both minor pieces lost their way.} 23.
Rxd6 (23. Nxd6 Rc6 $19) (23. a4 Rb8 {[%cal Gb8b6]} 24. Nxd6 (24. Rxd6 Ne8 25.
Rdd1 Rb6 $19) 24... Rc6 $19) 23... Rb8 24. Re1 Rc5 0-1

[Event "Elgoibar 13th"]
[Site "Elgoibar"]
[Date "2003.12.08"]
[Round "6.4"]
[White "Saldano Dayer, Horacio"]
[Black "Cifuentes Parada, Roberto"]
[Result "1-0"]
[WhiteElo "2424"]
[BlackElo "2501"]
[Annotator "Rogozenco,D"]
[PlyCount "65"]
[EventDate "2003.11.03"]
[EventType "tourn"]
[EventRounds "9"]
[EventCountry "ESP"]
[EventCategory "9"]
[SourceTitle "CBM 099"]
[Source "ChessBase"]
[SourceDate "2004.03.30"]
[SourceVersion "1"]
[SourceVersionDate "2004.03.30"]
[SourceQuality "1"]

1. e4 {Cifuentes,R} c5 2. Nf3 e6 3. d4 cxd4 4. Nxd4 Nf6 5. Nc3 Nc6 6. Ndb5 d6
7. Bf4 e5 8. Bg5 a6 9. Na3 b5 10. Bxf6 gxf6 11. Nd5 f5 12. c3 Bg7 13. exf5 Bxf5
14. Nc2 O-O (14... Be6 15. g3 O-O 16. Bg2 {[%cal Gc2b4] Here the knight on c2
forces Black to play ...a5 at some moment.} a5 $13) 15. Nce3 Be6 16. g3 {
'?!' Cifuentes,R. In this concrete situation, when the knight is already on e3,
this arrangement of pieces in not the most optimal for White.} (16. Bd3 $142)
16... b4 {'!' Cifuentes,R. Black can manage without ...a5 here, which means
gaining an important tempo.} (16... f5 17. Bg2 Rc8 ({or} 17... Rb8 18. Qh5 b4)
18. Qh5 $1 (18. O-O $6 f4) 18... b4 (18... f4 $2 19. Be4) 19. O-O bxc3 20. bxc3
{transposes to the game}) 17. Bg2 (17. cxb4 {Cifuentes,R} Rb8 $1 18. a3 f5 19.
Bh3 (19. Bxa6 f4 20. Nc2 Nd4 $44) 19... a5 20. Rc1 Nd4 21. O-O axb4 22. Nxb4 (
22. axb4 Rf7 $44) 22... Qg5 (22... Bb3 23. Qh5 Bf7 $11) 23. Bg2 f4 24. Nec2
fxg3 25. Nxd4 $8 (25. fxg3 Bg4) (25. hxg3 $2 Qxc1) 25... gxf2+ 26. Rxf2 Rxf2
27. Kxf2 exd4 $17) (17. Nxb4 {Cifuentes,R} Nxb4 18. cxb4 d5 19. Qh5 f5 20. Bh3
Qf6 $44) 17... bxc3 18. bxc3 Rc8 (18... Rb8 {is also good. The b-file is
important for Black.} 19. O-O f5 20. Qh5 Kh8 $11) (18... Qa5 {Cifuentes,R} 19.
O-O Qc5 $13) 19. Qh5 f5 20. O-O {Cifuentes,R: 'see game'} Ne7 (20... f4 $2 21.
Be4) 21. Rad1 Rc5 {'=!' Cifuentes,R. Possible, although this move is not the
main priority yet.} (21... Kh8 22. Rd2 e4 23. Rfd1 Be5 $11 24. Nf4 {Cifuentes,R
} Bf7 25. Qh6 Rc6 $1 26. Ne6 (26. c4 $5 d5 27. Qh3 $1) 26... Bxe6 27. Qxe6 Qe8
28. Nc4 (28. Nxf5 $2 Rxf5 $1 29. Bxe4 d5 $1 $17 {Geller}) 28... Rf6 29. Nxd6
Rxe6 30. Nxe8 Kg8 31. Rd8 Kf7 32. R1d7 Rg6 $2 (32... Rxc3 33. Nd6+ Kg6 34. Bh3
Rc6 $10 {Geller}) 33. Bf1 f4 $2 (33... Rg8 34. Nd6+ Bxd6 35. Rxd6 Rxd8 36. Rxd8
Rxc3 37. Bxa6 Ng6 38. Rd7+ Kf6 39. Rxh7 Ne5 $16) 34. Be2 f3 35. Bd1 Rxc3 36.
Bb3+ Rxb3 37. axb3 Rb6 38. Nd6+ Bxd6 39. Rxd6 Rxb3 40. Rd1 Nf5 41. R8d2 Ra3 42.
Re1 h5 43. Rdd1 Ra4 44. Ra1 Rd4 45. Ra5 Kf6 46. Rxa6+ Nd6 47. h3 Kg5 48. Ra5+
Kg6 49. Re5 Rd2 50. h4 Rd4 51. Rg5+ Kh6 52. Ra1 Rd2 53. Ra8 Kh7 54. Ra7+ Kh6
55. Re7 {1-0 Geller,E-Arakhamia Grant,K/Aruba 1992}) (21... e4 {Cifuentes,R}
22. g4 Nxd5 23. Nxd5 Rc5 24. c4 Rxc4 25. Ne3 Rc5 26. gxf5 Bxf5 27. Rd2 Bg6 28.
Qd1 Qh4 29. Re1 Bc3 30. Ree2 Bxd2 31. Rxd2 Qf6 32. Nd5 Qe5 33. h3 Rfc8 34. Bf1
Qg5+ 35. Kh2 Rc1 36. Qb3 Bf7 37. Qg3 Qxg3+ 38. fxg3 R8c2 {0-1 Kosztolanczi,
G-Pridorozhni,A/Zalakaros 1999/EXT 2000 (37)}) 22. Rd2 e4 23. Rfd1 Nxd5 (23...
Be5 $11) 24. Nxd5 Qe8 (24... Be5 25. Qh6 Bxd5 26. Rxd5 Rxd5 $11) 25. Qg5 {
'?!' Cifuentes,R.} (25. Qxe8 $142 {Cifuentes,R} Rxe8 26. Nf4 Be5 27. Nxe6 Rxe6
28. f4 Bxc3 29. Rxd6 Rxd6 30. Rxd6 Kf7 $11) 25... Kh8 {'?' Cifuentes,R.} (25...
Qd8) (25... Qf7 $1 {Cifuentes,R} 26. Ne7+ (26. Nf4 d5 27. Ne2 Kh8 $15) 26...
Kh8 27. Rxd6 Bxa2 $15) 26. Nf4 $1 {White finally prevents taking on d5
followed by Be5.} d5 $6 (26... Be5 27. Rxd6 $5 (27. Nxe6 Qxe6 $15) 27... Bxd6
28. Rxd6 Bf7 $1 $13 {and Black holds.} (28... Bxa2 29. Ng6+ $1 hxg6 30. Qh6+
Kg8 31. Rxg6+ $18)) (26... Rxc3 {Cifuentes,R} 27. Rxd6 Bxa2 28. Rxa6 Qf7 $11)
27. Nxd5 Qf7 {'(+)' Cifuentes,R.} 28. Nf4 Bxa2 (28... Rxc3 {Cifuentes,R} 29.
Nxe6 Qxe6 30. Rd7 Qg6 31. Qf4 $14) (28... Bxc3 {Cifuentes,R} 29. Rd8 Rc8 30.
Nxe6 Qxe6 31. Bh3 $14) 29. Rxa2 (29. Bxe4 $1 {'!?' Cifuentes,R.} Bf6 $140 $2 (
29... Bxc3 30. Rd7 Qf6 $14) (29... Bb3 {Cifuentes,R} 30. Bd5) (29... h6 $1 {
Cifuentes,R} 30. Ng6+ Kg8 31. Ne7+ Kh8 (31... Kh7 $2 32. Bxf5+ $1 Kh8 33. Ng6+
Kg8 34. Qe3 $1 Rxc3 35. Qe4 $19) 32. Ng6+ $11) 30. Qh6 fxe4 31. Ng6+ $18) 29...
Qxa2 30. Rd7 Rf7 31. Rd8+ Bf8 $4 (31... Rf8 $11 32. Rxf8+ (32. Rd7 Rf7) 32...
Bxf8 33. Qf6+ Bg7 34. Qd8+ Qg8 35. Ng6+ hxg6 36. Qh4+ Qh7 37. Qd8+ Qg8 $11) 32.
Qh6 $18 Kg8 33. Ne6 1-0